Statistics for [Geometry Dash] Extreme Demons by Letter - Q

Click here to take the quiz!

General Stats

  • This quiz has been taken 54 times
    (34 since last reset)
  • The average score is 4 of 6

Answer Stats

PublisherAnswer% Correct
RiotQuantum Processing
88%
GhostVandalfqoUEO
72%
herozombie80Quantum Theory
68%
FlosiaQuaoar
68%
ViPriNQuaoar
68%
GrenadeofTacosQuantum Dynamix
64%

Score Distribution

Percentile by Number Answered

Percent of People with Each Score

Your Score History

You have not taken this quiz since the last reset